<?xml version="1.0" encoding="UTF-8"?>
<record
    xmlns:xsi="http://www.w3.org/2001/XMLSchema-instance"
    xsi:schemaLocation="http://www.loc.gov/MARC21/slim http://www.loc.gov/standards/marcxml/schema/MARC21slim.xsd"
    xmlns="http://www.loc.gov/MARC21/slim">

  <leader>00871nam a2200277 u 4500</leader>
  <controlfield tag="001"> </controlfield>
  <controlfield tag="003">OSt</controlfield>
  <controlfield tag="005">20210408155129.0</controlfield>
  <controlfield tag="008">100812s2020 dr    c a  spa d</controlfield>
  <datafield tag="020" ind1=" " ind2=" ">
    <subfield code="a">9789945618044</subfield>
  </datafield>
  <datafield tag="040" ind1=" " ind2=" ">
    <subfield code="a">DO-SdBNP</subfield>
    <subfield code="b">spa</subfield>
    <subfield code="c">BNPHU</subfield>
  </datafield>
  <datafield tag="082" ind1=" " ind2="4">
    <subfield code="a">759.7293</subfield>
    <subfield code="b">S961h</subfield>
    <subfield code="2">22</subfield>
  </datafield>
  <datafield tag="100" ind1="1" ind2=" ">
    <subfield code="a">Suriel Suazo, Hugo Rafael</subfield>
    <subfield code="9">43376</subfield>
  </datafield>
  <datafield tag="240" ind1=" " ind2=" ">
    <subfield code="a"> </subfield>
  </datafield>
  <datafield tag="245" ind1="1" ind2="0">
    <subfield code="a">Hrsuriel /</subfield>
    <subfield code="c">Hugo Rafael Suriel Suazo ; edici&#xF3;n Odalis G. P&#xE9;rez ; fotograf&#xED;as H&#xE9;ctor Carbuccia </subfield>
  </datafield>
  <datafield tag="250" ind1=" " ind2=" ">
    <subfield code="a">2a.ed</subfield>
  </datafield>
  <datafield tag="260" ind1=" " ind2=" ">
    <subfield code="a">Santo Domingo : </subfield>
    <subfield code="b">Amigo del Hogar</subfield>
    <subfield code="c">2020</subfield>
  </datafield>
  <datafield tag="300" ind1=" " ind2=" ">
    <subfield code="a">301 p. ,</subfield>
    <subfield code="b">ils, fots.;</subfield>
    <subfield code="c">29 cm. </subfield>
  </datafield>
  <datafield tag="590" ind1=" " ind2=" ">
    <subfield code="a">Inventariado,2021/VM</subfield>
  </datafield>
  <datafield tag="650" ind1=" " ind2="4">
    <subfield code="a">Pintura dominicana</subfield>
    <subfield code="9">1858</subfield>
  </datafield>
  <datafield tag="650" ind1=" " ind2="4">
    <subfield code="a">Arte dominicana</subfield>
    <subfield code="9">77740</subfield>
  </datafield>
  <datafield tag="700" ind1="1" ind2=" ">
    <subfield code="a"> P&#xE9;rez, Odalis G. </subfield>
    <subfield code="e">ed.</subfield>
    <subfield code="9">11075</subfield>
  </datafield>
  <datafield tag="700" ind1="1" ind2=" ">
    <subfield code="a">Carbuccia, H&#xE9;ctor </subfield>
    <subfield code="e">fotograf&#xED;as </subfield>
    <subfield code="9">77741</subfield>
  </datafield>
  <datafield tag="910" ind1=" " ind2=" ">
    <subfield code="a">VMateo /Validado. Control de calidad MFF</subfield>
  </datafield>
  <datafield tag="942" ind1=" " ind2=" ">
    <subfield code="2">ddc</subfield>
    <subfield code="c">LBS1</subfield>
  </datafield>
  <datafield tag="952" ind1=" " ind2=" ">
    <subfield code="0">0</subfield>
    <subfield code="1">0</subfield>
    <subfield code="2">ddc</subfield>
    <subfield code="5">1</subfield>
    <subfield code="7">1</subfield>
    <subfield code="8">MO</subfield>
    <subfield code="a">BNPHU</subfield>
    <subfield code="b">BNPHU</subfield>
    <subfield code="c">HD</subfield>
    <subfield code="d">2021-02-22</subfield>
    <subfield code="e">Hugo Rafael Suriel </subfield>
    <subfield code="l">0</subfield>
    <subfield code="o">BNPHU PD 759.7293 S961h</subfield>
    <subfield code="p">2021-0351</subfield>
    <subfield code="r">2021-02-22</subfield>
    <subfield code="w">2021-02-22</subfield>
    <subfield code="y">LBS1</subfield>
  </datafield>
  <datafield tag="952" ind1=" " ind2=" ">
    <subfield code="0">0</subfield>
    <subfield code="1">0</subfield>
    <subfield code="2">ddc</subfield>
    <subfield code="5">1</subfield>
    <subfield code="7">2</subfield>
    <subfield code="8">MO</subfield>
    <subfield code="a">BNPHU</subfield>
    <subfield code="b">PD</subfield>
    <subfield code="c">HD</subfield>
    <subfield code="d">2021-02-22</subfield>
    <subfield code="e">Hugo Rafael Suriel </subfield>
    <subfield code="l">0</subfield>
    <subfield code="o">BNPHU PD 759.7293 S961h</subfield>
    <subfield code="p">2021-0353</subfield>
    <subfield code="r">2021-02-22</subfield>
    <subfield code="t">e.2</subfield>
    <subfield code="w">2021-02-22</subfield>
    <subfield code="y">LBS1</subfield>
  </datafield>
  <datafield tag="952" ind1=" " ind2=" ">
    <subfield code="0">0</subfield>
    <subfield code="1">0</subfield>
    <subfield code="2">ddc</subfield>
    <subfield code="5">6</subfield>
    <subfield code="7">0</subfield>
    <subfield code="8">MO</subfield>
    <subfield code="a">BNPHU</subfield>
    <subfield code="b">GR</subfield>
    <subfield code="c">HD</subfield>
    <subfield code="d">2021-02-22</subfield>
    <subfield code="e">Hugo Rafael Suriel </subfield>
    <subfield code="l">0</subfield>
    <subfield code="o">BNPHU DS 759.7293 S961h</subfield>
    <subfield code="p">2021-0354</subfield>
    <subfield code="r">2021-02-22</subfield>
    <subfield code="t">e.3</subfield>
    <subfield code="w">2021-02-22</subfield>
    <subfield code="y">LBS1</subfield>
  </datafield>
  <datafield tag="999" ind1=" " ind2=" ">
    <subfield code="c">49356</subfield>
    <subfield code="d">49356</subfield>
  </datafield>
</record>
